Sabrina Carpenter - Paroles Good Graces - Statistiques

Statistiques générales
  • Ce quiz a été pris 47 fois
  • Le résultat moyen est 285 sur 371
Statistiques - réponses
Hint Réponse % Correct
I
100%
(I
100%
you,
100%
You
100%
you
100%
good
97%
graces
97%
my
97%
a
94%
Refrain Boy,
91%
in
91%
complicated
89%
do
89%
no
89%
Outro No,
89%
no,
89%
should
89%
that
89%
that)
89%
That
89%
amazin'
86%
(Amazin')
86%
it
86%
stay
86%
Don't
83%
don't
83%
fast
83%
fast)
83%
it's
83%
more
83%
not
83%
So
83%
so
83%
(so
83%
about
80%
an
80%
'Cause
80%
fuck
80%
give
80%
like
80%
Like,
80%
(like
80%
(Oh)
80%
Oh,
80%
on
80%
ooh
80%
love
77%
bye
74%
some
74%
somethin'
74%
cute
71%
I'm
71%
one's
71%
switch
71%
up
71%
Couplet 1 When
71%
your
71%
angel
69%
ass
69%
me
69%
of
69%
sus,
69%
won't
69%
won't,
69%
won't)
69%
At
66%
sweet
66%
advice
63%
And
63%
and
63%
guys
63%
know
63%
let
63%
say
63%
second,
63%
suspect,
63%
the
63%
Baby,
60%
being
60%
heart
60%
mine?
60%
movin'
60%
turnin'
60%
was
60%
I'll
57%
into
57%
lots
57%
really
57%
Break
51%
for
51%
lovin'
51%
mistake
51%
finish
49%
hatred
49%
swear
49%
tell
49%
waste
49%
dreamin'
46%
favorite
46%
Or
46%
this
46%
With
46%
world
46%
athlete
43%
naive
43%
need
43%
other
43%
Drawin'
40%
every
40%
kiss
37%
nice
37%
cool
34%
hearts
34%
names
34%
night
34%
our
34%
prematurely
34%
Yeah
34%
cradles
31%
rockin'
31%
'round
31%
vows,
31%
Pré-refrain Want
31%
writing
31%
chores
29%
shot
26%
Shoot
23%
his
20%
Aucun quiz correspondant
Distribution des résultats
% des personnes avec chaque résultat
Percentile par nombre de réponses
Votre historique - résultats
Vous n’avez pas pris ce quiz